All Liverpool Goals: Robbie Fowler - Statistics

General Stats
  • This quiz has been taken 13 times
  • The average score is 154 of 183
Answer Stats
Answer % Correct
Aston Villa
100%
Chelsea
100%
Everton
100%
Man City
100%
Man United
100%
Newcastle
100%
West Ham
100%
Arsenal
92%
Birmingham
92%
Fulham
92%
Ipswich
92%
Leeds
92%
Leicester
92%
Middlesbrough
92%
Nottingham Forest
92%
Southampton
92%
Sunderland
92%
Tottenham
92%
Blackburn
83%
Bolton
83%
Charlton
83%
Coventry
83%
Crystal Palace
83%
Norwich
83%
Sheffield United
83%
Sheffield Wednesday
83%
West Brom
83%
Derby
75%
Oldham
75%
Portsmouth
75%
QPR
75%
Stoke
75%
Burnley
67%
Reading
67%
Tranmere
67%
Alaves
58%
Port Vale
50%
Wimbledon
50%
Wycombe
50%
PSG
42%
Brann
33%
Galatasaray
33%
Sion
33%
Rochdale
25%
Strasbourg
17%
Kosice
8%
Shrewsbury
8%
Haka
0%
No matching quizzes found
Score Distribution
Percent of People with Each Score
Percentile by Number Answered
Your Score History
You have not taken this quiz